|
|
|
|
| LEADER |
00000nam2a2200000 4500 |
| 001 |
207256 |
| 005 |
20231101225404.0 |
| 010 |
|
|
|a 9785912590726
|
| 035 |
|
|
|a (RuTPU)RU\TPU\book\226052
|
| 090 |
|
|
|a 207256
|
| 100 |
|
|
|a 20120123d2011 km y0rusy50 ca
|
| 101 |
0 |
|
|a rus
|
| 102 |
|
|
|a RU
|
| 105 |
|
|
|a a gl 000zy
|
| 200 |
0 |
|
|a Т. 2
|
| 210 |
|
|
|d 2011
|
| 215 |
|
|
|a 1000 с.
|c ил.
|
| 330 |
|
|
|a В томе I справочного руководства приведены технические характеристики используемого при бурении, освоении и испытании нефтяных и газовых скважин специального оборудования и технологической оснастки отечественных и зарубежных производителей. Даны практические рекомендации по эксплуатации оборудования различного назначения с учетом природно-климатических факторов и по устранению возможных неисправностей. Подробно рассмотрены методики определения параметров буровых растворов, используемые химические реагенты и приборы. Изложены методы устранения и предупреждения аварий, применяемый инструмент. Описана методика наклонно-направленного бурения, необходимые расчеты и справочный материал. Отражены основные методы геофизических исследований скважин. Большое внимание уделено типовым задачам и расчетам. Приведен текст Правил безопасности в нефтяной и газовой промышленности ПБ 08-624-03.В томе II справочного руководства представлены общие, специальные и служебные нормативные документы, необходимые при производстве буровых и сопутствующих им работ. Общие нормативные документы включают в себя правила безопасности при производстве работ повышенной опасности, при эксплуатации оборудования различного назначения: сосудов, работающих под давлением, подъемно-транспортного оборудования, электроустановок и электроинструмента, котельных установок, сварочного оборудования, правила пожарной безопасности, по охране труда и др. Специальные нормативные документы, в том числе документы предприятий нефтегазового комплекса, включают в себя инструкции по безопасному ведению различных работ, в частности в полевых условиях и ремонтных, по предупреждению чрезвычайных ситуаций и аварий и др. Служебные нормативные документы представляют собой должностные инструкции основных специалистов предприятий нефтяной и газовой отрасли.Справочное руководство будет полезно специалистам, занимающимся бурением, освоением и испытанием скважин различного назначения, а также студентам профильных учебных заведений.
|
| 461 |
|
1 |
|0 (RuTPU)RU\TPU\book\40043
|t Практический справочник бурового мастера
|o справочное руководство для мастеров по бурению, освоению и испытанию нефтяных и газовых скважин
|o в 2 т.
|f С. Л. Юртаев
|v Т. 2
|d 2011
|s Научно-промышленная энциклопедия России
|
| 606 |
1 |
|
|a Буровое дело
|2 stltpush
|3 (RuTPU)RU\TPU\subj\30514
|9 53616
|
| 610 |
1 |
|
|a нефтяные скважины
|
| 610 |
1 |
|
|a газовые скважины
|
| 610 |
1 |
|
|a бурение
|
| 610 |
1 |
|
|a освоение
|
| 610 |
1 |
|
|a испытание
|
| 610 |
1 |
|
|a общие инструкции
|
| 610 |
1 |
|
|a специальные инструкции
|
| 610 |
1 |
|
|a должностные инструкции
|
| 610 |
1 |
|
|a справочники
|
| 610 |
1 |
|
|a нормативные документы
|
| 675 |
|
|
|a 622.24(035)
|v 3
|
| 801 |
|
1 |
|a RU
|b 63413507
|c 20120123
|
| 801 |
|
2 |
|a RU
|b 63413507
|c 20151009
|g RCR
|
| 900 |
|
|
|a Бурение геологоразведочных скважин
|
| 900 |
|
|
|a Бурение и испытание нефтегазовых скважин
|
| 900 |
|
|
|a Бурение и ремонт скважин на нефть и газ
|
| 900 |
|
|
|a Бурение разведочных скважин
|
| 942 |
|
|
|c BK
|
| 959 |
|
|
|a 2/20120123
|d 1
|e 11000,00
|f ЧЗТЛ:1
|
| 959 |
|
|
|a 99/20150819
|d 1
|e 9913,00
|f УФ:1
|